000 00846nab a2200253 u 4500
001 11014
003 HDC
007 cr bn ---aaaaa
008 210206c mydr|nes 0 a may d
040 _aHDC
100 _aNazarudin Shahari,
_eauthor
_99524
245 0 _aHokto sasar hasilkan 600 tan cendawan /
_cby Nazarudin Shahari
260 _a[no place] :
_b[publisher not identified],
_c[no year]
336 _atext
_2rdacontent
337 _acomputer
_2rdamedia
338 _aonline resource
_2rdacarrier
650 _aHalal certificate
_9482
650 _aMushroom
_911234
710 _aUtusan Online
856 _zRequest full-text at [email protected]
942 _2lcc
942 _cNEWS
942 _kNWSO 000293
999 _c8337
_d8337